Tilastot visalle Pääkaupungit kirjaimittain - A

Klikkaa tästä pelataksesi tätä visaa!

Yleistilastot

  • Tätä visaa on pelattu 846 kertaa
  • Keskiarvotulos 10 / 16

Vastaustilastot

ValtioPääkaupunki% Oikein
AlankomaatAmsterdam
88%
AndorraAndorra la Vella
85%
KreikkaAteena
77%
TurkkiAnkara
73%
AlgeriaAlger
70%
EtiopiaAddis Abeba
64%
ParaguayAsunción
62%
JordaniaAmman
59%
NigeriaAbuja
58%
GhanaAccra
58%
KazakstanAstana
58%
MadagaskarAntananarivo
56%
Yhdistyneet arabiemiirikunnatAbu Dhabi
55%
SamoaApia
52%
TurkmenistanAšgabat
49%
EritreaAsmara
48%

Tulosjakauma

Persentiili vastausten määrän mukaan

Jokaisen tuloksen saaneiden osuus

Tuloshistoriasi

Et ole pelannut tätä visaa